Estado y desarrollo agrario en Centroamérica /
Αποθηκεύτηκε σε:
| Κύριος συγγραφέας: | |
|---|---|
| Άλλοι συγγραφείς: | |
| Μορφή: | Κείμενο |
| Έκδοση: |
San José:
CSUCA
|
| Ετικέτες: |
Προσθήκη ετικέτας
Δεν υπάρχουν, Καταχωρήστε ετικέτα πρώτοι!
|
MARC
| LEADER | 00000 a a2200000 04500 | ||
|---|---|---|---|
| 001 | 20340 | ||
| 003 | |||
| 040 | |a CRAI/IIS |c CRAI/IIS | ||
| 090 | |a 087600 | ||
| 100 | |a Molina Chocano, Guillermo | ||
| 245 | |a Estado y desarrollo agrario en Centroamérica / |c Guillermo Molina Chocano | ||
| 260 | |a San José: |b CSUCA | ||
| 300 | |a 44 p. | ||
| 700 | |a Palma Rodríguez, Diego | ||
| 999 | |c 17026 |d 17026 | ||
